فغاں رومی (Record no. 13583)
[ view plain ]
| 000 -LEADER | |
|---|---|
| fixed length control field | 00255nam a22001097a 4500 |
| 082 ## - DEWEY DECIMAL CLASSIFICATION NUMBER | |
| Classification number | 891 |
| 100 ## - MAIN ENTRY--AUTHOR NAME | |
| Personal name | محمّد اختر |
| 245 ## - TITLE STATEMENT | |
| Title | فغاں رومی |
| 260 ## - PUBLICATION, DISTRIBUTION, ETC. (IMPRINT) | |
| Place of publication | کراچی |
| Name of publisher | کتب خانہ مظہری |
| 300 ## - PHYSICAL DESCRIPTION | |
| Number of Pages | ٤٣١ صفحات |
| 942 ## - ADDED ENTRY ELEMENTS (KOHA) | |
| Koha item type | Books |
| Withdrawn status | Lost status | Collection code | Permanent Location | Current Location | Shelving location | Date acquired | Full call number | Accession Number | Koha item type |
|---|---|---|---|---|---|---|---|---|---|
| | | Urdu Literature | MAJU | MAJU | Shelf No.A11 | 2022-12-16 | 891 | 10692 | Books |